000 00190 a2200097 4500
020 _a9780439051545
041 _aeng
100 _aDAVID SHANNON
245 _aDAVID GETS IN TROUBLE
942 _cBK
999 _c1598
_d1598